Εισαγωγή στην οικονομική
Αποθηκεύτηκε σε:
| Κύριος συγγραφέας: | |
|---|---|
| Μορφή: | Βιβλίο |
| Γλώσσα: | Greek |
| Δημοσίευση: |
Αθήνα :
[χ.ό.],
|
| Θέματα: | |
| Ετικέτες: |
Προσθήκη ετικέτας
Δεν υπάρχουν, Καταχωρήστε ετικέτα πρώτοι!
|
MARC
| LEADER | 00000cam a2200000 i 4500 | ||
|---|---|---|---|
| 001 | 1/15294 | ||
| 008 | 110930s1995 gre d | ||
| 035 | |l 10110919 | ||
| 040 | |a GR-MY-UA |b gre |e aacr | ||
| 041 | 0 | |a gre | |
| 082 | 0 | |a 330 |2 (22) | |
| 100 | 1 | |a Πουρναράκης, Ευθύμιος Δ. | |
| 245 | 1 | 0 | |a Εισαγωγή στην οικονομική / |c Ευθυμίου Δ. Πουρναράκη |
| 260 | |a Αθήνα : |b [χ.ό.], | ||
| 300 | |a 413 σ.; |b διαγ., πίν.; |c 24 εκ. | ||
| 504 | |a Περιλαμβάνει βιβλιογραφικές αναφορές | ||
| 505 | 0 | |a τομ.1: Μακροοικονομία | |
| 650 | 0 | 0 | |a Economics. |
| 740 | 0 | 2 | |a Μακροοικονομία |
| 852 | |a INST |b CHIOS |e 20110930 |h 330 ΠΟΥ |p 005200034106 |q 005200034106 |t BK |y 0 | ||
| 901 | |a BIBL2-2011-3 | ||
| 909 | |a Χ |b 149726 | ||
| 970 | |a ΣΑΛΑΜΟΥΡΑ |b ΜΑΡΙΑ |z 2011/09/30 | ||